Central Library OPAC University of Rajshahi

General and social psychology : (Record no. 29527)

MARC details
000 -LEADER
fixed length control field 00782nam a2200241 a 4500
001 - CONTROL NUMBER
control field 29527
003 - CONTROL NUMBER IDENTIFIER
rucl marc code BD-RjUL
005 - DATE AND TIME OF LATEST TRANSACTION
control field 20211209051426.0
008 - FIXED-LENGTH DATA ELEMENTS--GENERAL INFORMATION
fixed length control field 140403s1960 enk b 001 0 eng d
035 ## - SYSTEM CONTROL NUMBER
System control number (BD-RjUL)29612
040 ## - CATALOGING SOURCE
Original cataloging agency XNTU
Language of cataloging eng
Transcribing agency XNTU
Modifying agency SUSA
-- BD-RjUL
041 ## - LANGUAGE CODE
Language code of text/sound track or separate title eng
082 04 - DEWEY DECIMAL CLASSIFICATION NUMBER
Classification number 302
Edition number 19
Author mark and year THG 1960
100 1# - MAIN ENTRY--PERSONAL NAME
Personal name Thouless, Robert H.
Fuller form of name (Robert Henry),
Dates associated with a name 1894-
9 (RLIN) 89999
245 10 - TITLE STATEMENT
Title General and social psychology :
Remainder of title a textbook for students of economics and of social sciences /
Statement of responsibility, etc. by Robert H. Thouless.
260 ## - PUBLICATION, DISTRIBUTION, ETC. (IMPRINT)
Place of publication, distribution, etc. London :
Name of publisher, distributor, etc. University Tutorial Press,
Date of publication, distribution, etc. 1960.
300 ## - PHYSICAL DESCRIPTION
Pagination xii, 464 p. ;
Size 19 cm.
500 ## - GENERAL NOTE
General note Includes index.
504 ## - BIBLIOGRAPHY, ETC. NOTE
Bibliography, etc Bibliography: p. 442-464.
650 #0 - SUBJECT ADDED ENTRY--TOPICAL TERM
Topical term or geographic name as entry element Psychology.
9 (RLIN) 90000
Topical term or geographic name as entry element Social psychology.
9 (RLIN) 90001
942 ## - ADDED ENTRY ELEMENTS (KOHA)
Source of classification or shelving scheme Dewey Decimal Classification
Koha item type Books
Holdings
Lost status Source of classification or shelving scheme Damaged status Not for loan Permanent Location Current Location Shelving location Date acquired Source of acquisition Cost, normal purchase price Total Checkouts Full call number Date last seen Copy number Koha item type
  Dewey Decimal Classification   Added to bundle Central Library, University of Rajshahi Central Library, University of Rajshahi Reading Room 15/02/1956 mirza book 0.00   302 THG 1960 03/04/2014 C-1 Books
  Dewey Decimal Classification     Central Library, University of Rajshahi Central Library, University of Rajshahi   15/02/1956 mirza book 0.00   302 THG 1963 03/04/2014 C-2 Books